00000000nam##2200000za#4500
0019.696771
003CaOODSP
00520240219183347
007cr |||||||||||
008150407|2004||||xxc|||||o    f|0| 0 eng|d
040 |aCaOODSP|beng
043 |an-cn---
0861 |aD69-7/2004E-PDF
1102 |aDefence R&D Canada.
24510|aNon-lethal weapons : |h[electronic resource]|bopportunities for R&D / |c[by] Harold Stocker, John Dick, Gilles Berubé.
260 |aOttawa - Ontario : |bDefence Research and Development Canada |cDecember 2004.
300 |a165p.|bfigs., graphs, references, tables
546 |a(Résumé en français.)
590 |a12-40-Supp|b2012-10-23
69007|aMilitary technology|2gcpds
69007|aWeapons|2gcpds
7201 |aStocker, Harold
7201 |aDick, John
7201 |aBerubé, Gilles
85640|ahttp://publications.gc.ca|qPDF|s1.21 MB|uhttps://publications.gc.ca/collections/collection_2012/rddc-drdc/D69-7-2004-eng.pdf
986 |aDRDC TM 2004-006